000 00786nam a2200229 i 4500
001 188532
003 ES-MaACL
005 20250821063117.0
008 181213s1964 sp |||| | spa d
100 1 _aAntonioni, Michelangelo,
_d1912-2007
_921990
245 1 3 _aLa aventura /
_cMichelangelo Antonioni ; con un prólogo de Román Gubern ; [traducción de Inés Strasser].
260 _aBarcelona :
_bAymá,
_c1964.
300 _a185 p., 16 lám. ;
_c19 cm.
490 1 _aVoz imagen.
_aCine ;
_v5
655 7 _2tgfbne
_aGuiones cinematográficos
_9234355
700 1 _aGubern, Román,
_d1934-
_960377
700 1 _aStrasser, Inés.
_9108379
830 1 _aVoz imagen.
_aCine ;
_v5
_9193071
852 _aES-MaACL
_jP-155-bis-3
942 _2udc
999 _c188532
_d188532